000 00729pam a2200241 a 4500
001 3399844
005 20240208050327.0
008 890406s1990 nyua b 001 0 eng
020 _a0415901227
020 _a0415901235 (pbk.)
040 _aDLC
_cDLC
_dDLC
082 0 0 _a306.7
_220
_bJOH.
100 1 _aWinkler, John J.
245 1 4 _aThe constraints of desire :
_bthe anthropology of sex and gender in ancient Greece /
_cJohn J. Winkler.
260 _aNew York :
_bRoutledge,
_c1990
300 _ax, 269 p. :
500 _aIncludes indexes.
500 _a"The new ancient world"--Jacket.
650 0 _aSex customs
650 0 _aWomen
856 4 2 _uhttp://www.loc.gov/catdir/enhancements/fy0651/89033156-d.html
942 _cL
999 _c340
_d340